logo

Bir Sreshtho Munshi Abdur Rouf Library
Jhenaidah Cadet College

College biology / (Record no. 7601)

MARC details
000 -LEADER
fixed length control field 00590nam a2200229 a 4500
001 - CONTROL NUMBER
JCCL Control Number 7601
003 - CONTROL NUMBER IDENTIFIER
JCCL marc code BD-JhCC
005 - DATE AND TIME OF LATEST TRANSACTION
control field 20181006165422.0
008 - FIXED-LENGTH DATA ELEMENTS--GENERAL INFORMATION
fixed length control field 180212b1976 bg |||| ||a| 000 0 eng d
035 ## - SYSTEM CONTROL NUMBER
system control number (BD-JhCC) 7601
040 ## - CATALOGING SOURCE
Original cataloging agency BD-JhCC
Modifying agency BD-JhCC
041 ## - LANGUAGE CODE
Language code of Book eng
082 ## - DEWEY DECIMAL CLASSIFICATION NUMBER
Classification number 574
Author mark and Year FAT 1976
100 ## - MAIN ENTRY--PERSONAL NAME
Personal name Fattah, DR. Quazi Abdul
245 ## - TITLE STATEMENT
Title College biology /
Statement of responsibility, etc DR. Quazi Abdul Fattah
260 ## - PUBLICATION, DISTRIBUTION, ETC. (IMPRINT)
Place of publication, distribution, etc Dhaka:
Name of publisher, distributor, etc Jahangir songs 42, Bangla Bazar Dhaka,
Date of publication, distribution, etc 1976
300 ## - PHYSICAL DESCRIPTION
Pagination 404 p .:
Dimensions 22 cm .
650 ## - SUBJECT ADDED ENTRY--TOPICAL TERM
Topical term or geographic name as entry element Biology
700 ## - ADDED ENTRY--PERSONAL NAME
Personal name Md. Abul Hassan
942 ## - ADDED ENTRY ELEMENTS (KOHA)
Source of classification or shelving scheme Dewey Decimal Classification
Koha item type Books
Holdings
Source of classification or shelving scheme Damaged status Not for loan Home library Current library Shelving location Date of accession Cost, normal purchase price Total Checkouts Full call number Barcode Date last seen Copy number Koha item type
Dewey Decimal Classification     JCC Rouf Library JCC Rouf Library General Stacks 02/12/2018 25.00   574 FAT 1976 10157 02/12/2018 C-1 Books
Dewey Decimal Classification     JCC Rouf Library JCC Rouf Library General Stacks 02/22/2018 30.00   574 FAT 1976 10251 02/22/2018 C-1 Books

JCC Library | Contacts | JCC Home

Last Update on 23 September 2017
Copyright @ 2017-2020 JCC Rouf Library
Rouf Library, Jhenidah Cadet College (JCC), Bangladesh